000 00632nam a2200229Ia 4500
005 20250505124925.0
008 008 250505s9999 xx 000 0 eng d
037 _aTextbook
040 _aLCO
_beng
_cLCO
041 _aeng
_2eng
084 _aZ1,d Q1
_qLCO
100 _aBowett
245 0 _aLaw of International Institutions
_cBowett; Sands Philippe & Klein Pierre
250 _a6th
260 _aLondon, UK
_bSweet & Maxwell
_c2011
300 _a619
365 _aINR
_b825
650 _aLaw
700 _aSands Philippe & Klein Pierre
_9753969
942 _cTB
_hZ1,d Q1
999 _c1310691
_d1310691